=LDR 00000nam 2200000 4500 =001 INLIS000000000020307 =005 20130612115252 =008 ***********************************Ind** =035 ##$$0010-061300000020307 =041 ##$$a Ind =082 ##$$a 633.88 =090 ##$$a 633.88, Uta t =100 ##$$a Utami, Prapti =245 ##$$a Tanaman obat untuk mengatasi diabetes militus, Prapti Utami =260 ##$$a 2006 $b Jakarta =300 ##$$a viii, 106 hlm, ilus, 23 cm =650 ##$$a Tanaman Obat-Diabetes =850 ##$$a NBPNMAT